Die Diskussion des Moskauer Vertrages in der Sowjetunion

Titel: Die Diskussion des Moskauer Vertrages in der Sowjetunion : Reden und Stellungnahmen sowjetischer Persönlichkeiten ; zur Vertragsdebatte in der BRD
Veröffentlicht: Köln : Pahl-Rugenstein, 1972
Umfang: 39 S.
Format: Buch
Sprache: Deutsch
RVK-Notation:
Schlagworte:
ISBN: 3760900593
Buchumschlag
X
Lokale Klassifikation: 41 7 O ; 3 7 O
alg: 7469564
001A    $06000:29-06-99 
001B    $01999:12-05-23 $t22:16:43.000 
001C    $00004:19-09-12 $t14:25:23.000 
001D    $00123:03-08-04 
001U    $0utf8 
001X    $00 
002@    $0Aau 
003@    $0074695649 
003O    $0613923565 $aOCoLC 
004A    $03-7609-0059-3 $fkart. : DM 3.00 
006G    $0730040283 
006U    $073,A08,0173 
007A    $0730040283 $aDNB 
007T    $0Herdhh074695649 
010@    $ager 
011@    $a1972 
015@    $00 
021A    $aDie @Diskussion des Moskauer Vertrages in der Sowjetunion $dReden und Stellungnahmen sowjetischer Persönlichkeiten ; zur Vertragsdebatte in der BRD 
033A    $pKöln $nPahl-Rugenstein 
034D    $a39 S. 
044F    $aDeutsch-sowjetische Beziehungen 
044F    $bSowjetunion 
044F    $aOstvertrag 
045E    $b06a 
045F    $a900.94710904 $eDDC23BSB 
045F/01 $a900 
045F/03 $f0904 
045F/03 $g471 
045F/03 $g43 
045Z    $8PR 2110 [Tkv] $9411106953 

lok: 7469564 15

exp: 7469564 15 1 #EPN
201B/01 $003-08-04 $t08:52:57.000 
201C/01 $003-08-04 
203@/01 $021777363X 
208@/01 $a03-08-04 $bz 
209A/01 $a-Mag- C 7327 $du $f100 $h-MAG- C 7327 $x00 
209C/01 $aSTB G 74/0275 $hSTB G 74 0275 
209G/01 $a01825364 $x00 
247C/01 $8655100-2 <123>Worms, Stadtbibliothek Worms $9102600732 
201U/01 $0utf8 

lok: 7469564 24
101B    $028-11-05 $t11:10:02.000 
101C    $028-11-05 
145Z/01 $a41 7 O 
145Z/02 $a3 7 O 
101U    $0utf8 

exp: 7469564 24 1 #EPN
201B/01 $028-11-05 $t11:10:02.000 
201C/01 $028-11-05 
203@/01 $0322264898 
208@/01 $a28-11-05 $br 
209A/01 $a41 VII O 128 $du $f050 $h41 7 O 128 $x00 
209C/01 $aK 73.2718 $h73 2718 K 
209G/01 $a71070611 $x00 
220C/01 $amue 
247C/01 $8358050-7 Marburg, Bibliothek des Herder-Instituts Marburg $9102600961 
201U/01 $0utf8 

lok: 7469564 78

exp: 7469564 78 1 #EPN
201B/01 $019-04-17 $t16:55:38.000 
201U/01 $0utf8 
203@/01 $0792810856 
208@/01 $a12-11-16 $be 
209A/01 $a/ $f000 $x00 
237A/01 $aweiterführende Signatur(en): Herder-Institut: 41 VII O 128 
245Z/01 $a06.04.04 $x01 
247C/01 $82080>Marburg/Lahn, Herder-Institut, Forschungsbibliothek, Bibliographieportal $9336309341 

lok: 7469564 204

exp: 7469564 204 1 #EPN
201B/01 $016-05-19 $t21:55:52.000 
201C/01 $021-11-02 
201U/01 $0utf8 
203@/01 $0177962852 
208@/01 $a21-11-02 $brl01 
209A/01 $a82 Ale 1972 $du $f010 $h010 82 ale 1972 $x00 
209A/01 $a010 PR 2110 D559 N773 $x07 
209C/01 $a302/76 $h010 302 76 
245Z/01 $a82 Ale $x01 
247C/01 $8631010-2 <26/010>Gießen, Universität Gießen, Zweigbibliothek Recht und Wirtschaft $9102596751 

lok: 7469564 205

exp: 7469564 205 1 #EPN
201B/01 $006-04-16 $t10:15:10.000 
201C/01 $019-02-04 
201U/01 $0utf8 
203@/01 $0209588888 
208@/01 $a19-02-04 $bz 
209A/01 $a080 POL UF 460 d 5 $du $f000 $x00 
209B/01 $a80 $x05 
209C/01 $a2004/0135  $h2004 0135 
209G/01 $a66157571 $x00 
247C/01 $8351000-1 <4>Marburg, Universität Marburg, Universitätsbibliothek $9102594767
LEADER 00000cam a2200000 c 4500
001 074695649
003 DE-603
005 20230512221643.0
007 tu
008 990629s1972 xx |||| | u00||u|ger
015 |a 73,A08,0173  |2 dnb 
016 7 |2 DE-101  |a 730040283 
020 |a 3760900593  |c kart. : DM 3.00 
035 |a (DE-599)DNB730040283 
035 |a (OCoLC)613923565 
040 |a DE-603  |b ger  |c DE-603  |d DE-603 
041 |a ger 
082 0 4 |8 1\u  |a 900.94710904  |q DE-101  |2 23/BSB 
084 |a 06a  |q DE-101  |2 sdnb 
084 |a PR 2110  |0 (DE-625)139505:  |0 (DE-603)411106953  |2 rvk 
085 |8 1\u  |b 900 
085 |8 1\u  |z 1  |s 0904 
085 |8 1\u  |z 2  |s 471 
085 |8 1\u  |z 2  |s 43 
245 0 0 |a ˜Dieœ Diskussion des Moskauer Vertrages in der Sowjetunion  |b Reden und Stellungnahmen sowjetischer Persönlichkeiten ; zur Vertragsdebatte in der BRD 
264 1 |a Köln  |b Pahl-Rugenstein  |c 1972 
300 |a 39 S. 
650 7 |a Deutsch-sowjetische Beziehungen  |2 local 
650 7 |a Ostvertrag  |2 local 
651 7 |a Sowjetunion  |2 local 
924 0 |9 123  |a (DE-603)21777363X  |b DE-123  |c HES  |d c  |g -Mag- C 7327 
924 0 |9 Mb 50  |a (DE-603)322264898  |b DE-Mb50  |c HES  |d c  |g 41 VII O 128 
924 0 |9 2080  |a (DE-603)792810856  |b DE-2080  |c HES  |d d  |g / 
924 0 |9 26/010  |a (DE-603)177962852  |b DE-26-010  |c HES  |d c  |g 82 Ale 1972 
924 0 |9 4  |a (DE-603)209588888  |b DE-4  |c HES  |d c  |g 080 POL UF 460 d 5